000 00445nam a2200181Ia 4500
005 20240823012941.0
008 240823s9999||||xx |||||||||||||| ||und||
020 _a81-297-0341-6
041 _aENGLISH
082 _A004.678 P4
100 _aCisco Systems
245 0 _aInternetworking Technologies handbook
250 _a4th
260 _c2004
_b"Pearson,"
500 _aYES
650 _aInternet
_bInformation Technology
942 _cBK
999 _c165856
_d165856